• 首页
  • 本馆介绍
  • 公告通知
  • 最新文献
  • 馆藏检索
  • 电子资源
  • 读者导购
  • 参考咨询
  • 我的图书馆
  • 登录
  • 详细信息显示
  • 放入我的书架
  • 预约/预借图书
  • 作者相关作品
  • 分类相关作品
  • 丛书相关作品
  • 出版社相关作品

书目信息

  • 表格格式
  • 工作单格式
  • 卡片格式
题名:
看云识天气
    
 
作者: 高文治 著
分册:  
出版信息: 北京   财政经济出版社  1956
页数: 52页
开本: 19cm
丛书名: 气象常识小丛书
单 册:
中图分类: P426.5
科图分类:
主题词: 云
电子资源:
ISBN: 13005.6
000 00667cam2 2200253 450
001 0105405049
005 20070810085853.0
010    @a13005.6@dCNY0.36
091    @a13005.6@dCNY0.36
100    @a19970220d1956 em y0chiy0110 ea
101 0  @achi
102    @aCN@b110000
105    @aak z 000yy
106    @ar
200 1  @a看云识天气@9Kan Yun Shi;Zhi Tian Qi @f高文治著@b专著
210    @a北京@c财政经济出版社@d1956
215    @a52页@c图,表@d19cm
225 2  @a气象常识小丛书
410  0 @12001 @a气象常识小丛书
606 0  @a云
690    @aP426.5@v3
701  0 @a高文治@9gao wen zhi@4著
801  0 @aCN@bAiZhiMarc
905    @aBZT@dP426.5@e1@f1@sP426.5/1
    
    看云识天气/高文治著.-北京:财政经济出版社,1956
    52页:图,表;19cm.-(气象常识小丛书)
    
    
    ISBN 13005.6:CNY0.36
    
●
相关链接 在五车中查询图书 在当当中查询图书 在豆瓣中查询图书


正题名:看云识天气     索取号:P426.5/1         预约/预借

序号 登录号 条形码 馆藏地/架位号 状态 备注
1 2000077645   2000077645   旧书回溯/ [索取号:P426.5/1] 在馆    
山东省滨州职业学院图书馆 欢迎您!
大连网信软件有限公司© 版权所有